Responses for Show #7941 - Monday, March 4, 2019

2019 All-Star Games final match, game 1.

Contestants

[<< previous game]

Team Colby

Playing the Jeopardy! Round: Pam Mueller, a think tank researcher from Culver City, California

Playing the Double Jeopardy! Round: Colby Burnett, a college counselor from Chicago, Illinois

Playing the Final Jeopardy! Round: Alan Lin, a software engineer from Riverside, California

Team Brad

Playing the Jeopardy! Round: Brad Rutter, an actor and producer from Los Angeles, California

Playing the Double Jeopardy! Round: Larissa Kelly, an editor for academic competitions from Richmond, California

Playing the Final Jeopardy! Round: David Madden, an academic competition director from Ridgewood, New Jersey

Team Ken

Playing the Jeopardy! Round: Ken Jennings, a writer from Seattle, Washington

Playing the Double Jeopardy! Round: Matt Jackson, a digital fundraising professional from Washington, D.C.

Playing the Final Jeopardy! Round: Monica Thieu, a Ph.D. student in psychology from New York, New York

[next game >>]

Jeopardy! Round responses

WOOD!
(Alex: Oh, that should bring back memories.)
WOMEN AUTHORS
MEANINGS OF CELEBRITY NAMES
(Alex: And we're going to need the first and the last name.)
HOBBIES
EUROPEAN HISTORY
"LET" GO
    $200 9
the maple

Brad
    $200 16
The White Album

Brad
    $200 14
(Ken: Who is Morissette?)
(Alex: No.)
(Ken: Alanis!)
...
(Alex: I can't let you make the same mistake twice.)

Alanis Morissette

KenBrad
    $200 21
Monopoly

Pam
    $200 5
Versailles

Ken
    $200 26
let off steam

Brad
    $400 10
Lumber Liquidators

Brad
    $400 17
Charlotte Brontë

Brad
    $400 15
Rami Malek

Pam
    $400 22
Julius Caesar

Brad
    $400 6
the Netherlands

Ken
    $400 27
epaulets

Brad
    $600 11
birch

Ken
    $600 18
Gillian Flynn

Ken
    $600 1
(Pam: Who... is... oh, no.)
(Ken: Who is Catherine?)
(Alex: We need the first and last.)
(Ken: Oh, Keener.)
(Alex: Thank you.)
(Ken: Thank you, Alex.)

Catherine Keener

KenPam
    $600 23
a hollyhock

Ken
    $1,000 4
Liechtenstein

Brad
    $600 28
"let down your hair"

Pam
    $800 12
softwood

Triple Stumper
    $800 19
(Ken: Who is the talented [*]?)

Patricia Highsmith

Ken
    $800 2
Kamau Bell

Ken
    $800 24
badminton

Brad
    $800 7
Garibaldi

Ken
    $800 29
an amulet

Ken
    $1000 13
a violin bow

Ken
    $1000 20
(Jacqueline) Susann

Pam
    $1000 3
Tessa Thompson

Brad
    $1000 25
BASE jumping

Brad
    $1000 8
Hess

Brad
    $1000 30
(Ken: What are [*]?)
(Alex: [*].)
(Brad: I was going to say that!)

aglets

Ken

Scores at the first commercial break (after clue 15):

Team Ken Team Brad Team Colby
$4,200 $3,800 -$200

Scores at the end of the Jeopardy! Round:

Team Ken Team Brad Team Colby
$8,000 $7,200 $1,600

Double Jeopardy! Round responses

THE SEA'S THE LIMIT
WHAT'S YOUR NUMBER?
FOREIGN WORDS & PHRASES
ON BROADWAY
COMPUTER SCIENCE
SPLIT 3 WAYS
    $400 22
Spain

Larissa
    $400 24
Scheherazade

Larissa
    $400 25
Yiddish

Larissa
    $400 26
Grease

Matt
    $400 28
errors

Larissa
    $400 30
divisions

Triple Stumper
    $800 23
Labrador

Larissa
    $800 7
40

Larissa
    $800 11
Tuesday

Triple Stumper
    $800 4
Hamlet

Larissa
    $800 27
encryption

Larissa
    $800 29
the nucleus

Matt
    $1200 13
Arabian

Matt
    $1200 8
529

Triple Stumper
    $1200 12
an au pair

Colby
    $1200 5
Carousel

Larissa
    $4,000 2
operators

Larissa
    $1200 21
(Colby: What's [*]?)
(Alex: Absolutely.)
(Colby: That makes sense.)

New Orleans

Colby
    $3,800 14
Japan

Matt
    $1600 9
Elite

Triple Stumper
    $1600 16
Danish

Matt
    $1600 3
Network

Matt
    $1600 18
a qubit

Matt
    $1600 1
the Triassic

Larissa
    $2000 15
Cuba

Matt
    $2000 10
Seven

Matt
    $2000 17
behind closed doors

Triple Stumper
    $2000 6
Elaine May

Larissa
    $2000 19
von Neumann

Matt
    $2000 20
conquests

Larissa

Scores at the end of the Double Jeopardy! Round:

Team Ken Team Brad Team Colby
$25,000 $22,800 $4,000

Final Jeopardy! Round responses

ANCIENT WRITINGS
[Alan is grinning before his response is revealed.]
(Alex: [To Alan] Oh, Alan, I'll give you some advice. Never go to Las Vegas and play poker.)
...
(Alex: [To Alan] By Sun Tzu.)
...
(Alex: [To Monica] I have a feeling some of you practiced some of the precepts from that book in this tournament.)
AlanWhat is the Art of War
$4,000
DavidWhat is The Art of War?
$13,200
MonicaWhat is the Art of War
$7,500
The Art of War

Final scores:

Team Ken Team Brad Team Colby
$32,500 $36,000 $8,000

Game dynamics:

Coryat scores:

Team Ken Team Brad Team Colby
$22,800 $19,600 $4,000
Ken Brad Pam
$8,000 $6,800 $1,600
Matt Larissa Colby
$14,800 $12,800 $2,400
22 R
(including 1 DD),
1 W
26 R
(including 2 DDs),
0 W
6 R,
1 W

Combined Coryat: $46,400

[game clues] [game scores] [suggest correction]

Game tape date: 2019-01-09
The J! Archive is created by fans, for fans. Scraping, republication, monetization, and malicious use prohibited; this site may use cookies and collect identifying information. See terms. The Jeopardy! game show and all elements thereof, including but not limited to copyright and trademark thereto, are the property of Jeopardy Productions, Inc. and are protected under law. This website is not affiliated with, sponsored by, or operated by Jeopardy Productions, Inc. Join the discussion at JBoard.tv.